[Event "Open Nord BDR Aix-en-Provence"]
[Site "?"]
[Date "2006.10.21"]
[Round "1"]
[White "Larribere, Hadrien"]
[Black "Navarro, Bertrand"]
[Result "1-0"]
[WhiteElo "1830"]
[BlackElo "1670"]
[PlyCount "81"]
[SourceDate "2006.10.17"]

1. d4 d6 2. c4 g6 3. g3 Bg7 4. Bg2 Nf6 5. Nc3 c6 6. e4 O-O 7. Nge2 e5 8. d5 c5
9. O-O Nh5 10. Be3 f5 11. exf5 Bxf5 12. Ne4 h6 13. Qd2 Kh7 14. N2c3 Nf6 15. h3
Nxe4 16. Nxe4 Bxe4 17. Bxe4 Nd7 18. Qc2 Qe8 19. Rae1 Nf6 20. Bg2 Rb8 21. f4 Nh5
22. Kh2 exf4 23. Bxf4 Qd7 24. Re6 Nxf4 25. Rxf4 Rxf4 26. Qxg6+ Kh8 27. gxf4 Bf8
28. Be4 Qg7 29. Qxg7+ Kxg7 30. f5 b5 31. cxb5 Rxb5 32. b3 Rb4 33. f6+ Kf7 34.
Kg3 a5 35. Bf3 Kg6 36. Re8 Kf7 37. Bh5+ Kg8 38. Ra8 Rd4 39. Ra7 Rd2 40. Bf7+
Kh7 41. Ra8 1-0

[Event "Open Nord BDR Aix-en-Provence"]
[Site "?"]
[Date "2006.10.21"]
[Round "1"]
[White "Alpe, Jean-Charles"]
[Black "Baquer, Marc"]
[Result "0-1"]
[WhiteElo "1640"]
[BlackElo "1800"]
[PlyCount "70"]
[SourceDate "2006.10.17"]

1. c4 Nf6 2. g3 g6 3. Bg2 Bg7 4. Nc3 O-O 5. e4 d6 6. Nge2 e5 7. O-O Nc6 8. d3
Be6 9. Nd5 Qd7 10. Rb1 Ne7 11. Nxe7+ Qxe7 12. h3 Qd7 13. Kh2 Ne8 14. Be3 f5 15.
b3 c5 16. Nc3 f4 17. Bd2 f3 18. Bxf3 Bxh3 19. Bg2 Be6 20. Nd5 Nf6 21. Nxf6+
Rxf6 22. b4 Raf8 23. f3 h6 24. b5 b6 25. a4 g5 26. g4 Qf7 27. Kg3 Qg6 28. a5 h5
29. axb6 axb6 30. Ra1 hxg4 31. fxg4 Rxf1 32. Bxf1 Qh6 33. Bh3 Qh4+ 34. Kg2 Rf2+
35. Kg1 Qg3+ 0-1

[Event "Open Nord BDR Aix-en-Provence"]
[Site "?"]
[Date "2006.10.21"]
[Round "1"]
[White "Derien, Robert"]
[Black "Gomez, Jean-Luc"]
[Result "1-0"]
[WhiteElo "1800"]
[BlackElo "1630"]
[PlyCount "83"]
[SourceDate "2006.10.17"]

1. e4 e5 2. Nf3 Nf6 3. Nc3 d6 4. Bc4 Be7 5. d3 Bg4 6. h3 Bd7 7. Bg5 Nc6 8. a3
a6 9. Qd2 b5 10. Ba2 O-O 11. O-O Qc8 12. Kh2 Be6 13. Nd5 Bxd5 14. Bxf6 Bxf6 15.
Bxd5 Nd4 16. Nxd4 exd4 17. Bxa8 Qxa8 18. b4 h6 19. f4 Re8 20. Rf3 Qc8 21. Raf1
Qe6 22. g4 c5 23. g5 hxg5 24. fxg5 Be5+ 25. Kg2 Re7 26. bxc5 dxc5 27. h4 Qg4+
28. Kf2 Qxh4+ 29. Ke2 Qg4 30. Kf2 Qh4+ 31. Ke2 Qg4 32. Qe1 Qe6 33. Qh4 g6 34.
Rh1 Rc7 35. Qh7+ Kf8 36. Rhf1 Qg4 37. Qxg6 a5 38. Qf5 Qxf5 39. Rxf5 Bg7 40. g6
f6 41. Rd5 Ke8 42. Rff5 1-0

[Event "Open Nord BDR Aix-en-Provence"]
[Site "?"]
[Date "2006.10.21"]
[Round "1"]
[White "Blondelon, Claude"]
[Black "Hernandez, Jean-Pierre"]
[Result "1/2-1/2"]
[WhiteElo "1550"]
[BlackElo "1790"]
[PlyCount "161"]
[SourceDate "2006.10.17"]

1. d4 d5 2. Nf3 Nf6 3. c4 e6 4. e3 Bb4+ 5. Nc3 O-O 6. Bd2 b6 7. cxd5 exd5 8.
Qc2 Bb7 9. Be2 Re8 10. O-O Nbd7 11. Rfe1 a6 12. Bd3 Rc8 13. Ng5 g6 14. Qb3 Bf8
15. e4 c5 16. exd5 b5 17. Qd1 Rxe1+ 18. Qxe1 cxd4 19. Ne2 Qb6 20. Nf3 Nc5 21.
Qb1 Nxd3 22. Qxd3 Bxd5 23. Nexd4 Be4 24. Qe3 Bxf3 25. Nxf3 Qxe3 26. Bxe3 Rc2
27. Rd1 Rxb2 28. Bd4 Rxa2 29. Bxf6 Re2 30. g3 Re8 31. Rd4 h6 32. Rd8 Rxd8 33.
Bxd8 Bb4 34. Nd4 Kf8 35. Nb3 Ke8 36. Bb6 Bc3 37. Kf1 Ke7 38. Ke2 Kd6 39. Kd3
Be1 40. f3 Kc6 41. Be3 a5 42. Bxh6 a4 43. Nd4+ Kb6 44. Bf8 Bf2 45. Nc2 Bg1 46.
h3 Bf2 47. g4 Bg3 48. Be7 Be5 49. Ke4 Bb2 50. h4 Kc6 51. f4 Kd7 52. Bc5 Kc6 53.
Bb4 Kd7 54. h5 Bg7 55. hxg6 fxg6 56. g5 Bb2 57. f5 gxf5+ 58. Kxf5 Ke8 59. Kg6
Be5 60. Na3 Bb2 61. Nxb5 Kd7 62. Kf7 Kc6 63. Na3 Kd5 64. g6 Ke4 65. Be7 Kf5 66.
Nc4 Bh8 67. Nd6+ Ke5 68. Ne8 Kf5 69. Bf6 Bxf6 70. Nxf6 a3 71. g7 a2 72. g8=Q
a1=Q 73. Qc8+ Kf4 74. Qg4+ Ke3 75. Qe4+ Kd2 76. Qf4+ Ke2 77. Qe4+ Kf2 78. Ng4+
Kg3 79. Ne3 Qa2+ 80. Qe6 Qxe6+ 81. Kxe6 1/2-1/2

[Event "Open Nord BDR Aix-en-Provence"]
[Site "?"]
[Date "2006.10.21"]
[Round "1"]
[White "Desormes, Olivier"]
[Black "De Albera, Pierre"]
[Result "1-0"]
[WhiteElo "1770"]
[BlackElo "1520"]
[PlyCount "135"]
[SourceDate "2006.10.17"]

1. d4 c6 2. Nf3 d5 3. e3 Bg4 4. Nbd2 e6 5. Be2 Nf6 6. h3 Bxf3 7. Nxf3 Bb4+ 8.
c3 Bd6 9. O-O Nbd7 10. c4 b6 11. Qa4 Qc7 12. cxd5 exd5 13. Bd2 O-O 14. Rac1 c5
15. Qd1 c4 16. a3 b5 17. b4 Nb6 18. Qe1 Rfe8 19. Bd1 Qd7 20. Qe2 a6 21. Re1 Qb7
22. Bc3 Nh5 23. Qb2 Nf6 24. Bc2 Bf8 25. Ra1 Ne4 26. Nd2 Nxd2 27. Bxd2 Nd7 28.
Bc3 Nf6 29. a4 Qc6 30. axb5 axb5 31. Rxa8 Rxa8 32. Ra1 Rxa1+ 33. Qxa1 g6 34.
Qa5 Bd6 35. Qd8+ Kg7 36. Qa5 Bc7 37. Qa7 Nd7 38. Bd1 Nf6 39. Qc5 Qd7 40. Bf3
Qd6 41. Qxb5 Qh2+ 42. Kf1 Qh1+ 43. Ke2 Qc1 44. Be1 Qb2+ 45. Kf1 Qb3 46. Qc5 Bd6
47. Qxd6 c3 48. Qc5 c2 49. Bd2 Qb1+ 50. Ke2 Qb3 51. b5 Ne4 52. Bxe4 dxe4 53.
Qe5+ Kg8 54. Qxe4 Qxb5+ 55. Qd3 Qb1 56. Qc3 Qd1+ 57. Kd3 Qf1+ 58. Kxc2 Qxf2 59.
Qc8+ Kg7 60. Qg4 Qf1 61. Qf3 Qc4+ 62. Kd1 Qb3+ 63. Ke1 Qb1+ 64. Kf2 Qc2 65. Qe2
Qf5+ 66. Kg1 Qb1+ 67. Be1 Qe4 68. Qd2 1-0

[Event "Open Nord BDR Aix-en-Provence"]
[Site "?"]
[Date "2006.10.21"]
[Round "1"]
[White "Maggio, Stephane"]
[Black "Garcia, Robustiano"]
[Result "0-1"]
[WhiteElo "1499"]
[BlackElo "1710"]
[PlyCount "64"]
[SourceDate "2006.10.17"]

1. c4 Nf6 2. g3 g6 3. Bg2 Bg7 4. Nf3 O-O 5. O-O c5 6. Nc3 Nc6 7. b3 d5 8. Bb2
d4 9. Nb1 e5 10. d3 Bf5 11. Nbd2 Qd7 12. a3 Bh3 13. Rb1 Bxg2 14. Kxg2 h5 15.
Bc1 Qf5 16. b4 cxb4 17. axb4 g5 18. b5 Ne7 19. Rb3 h4 20. Qe1 Ng6 21. e3 g4 22.
e4 gxf3+ 23. Kh1 Qh5 24. c5 Bh6 25. Bb2 Bxd2 26. Qxd2 Kg7 27. c6 bxc6 28. bxc6
Rh8 29. c7 hxg3 30. fxg3 Ng4 31. h4 Nxh4 32. gxh4 Qxh4+ 0-1

[Event "Open Nord BDR Aix-en-Provence"]
[Site "?"]
[Date "2006.10.21"]
[Round "1"]
[White "Roux, Jean-Marie"]
[Black "Mengus, Michel"]
[Result "1-0"]
[WhiteElo "1430"]
[BlackElo "1700"]
[PlyCount "71"]
[SourceDate "2006.10.17"]

1. e4 d6 2. d4 Nf6 3. Nc3 g6 4. Nf3 Bg7 5. Bd3 O-O 6. Bg5 c6 7. Qd2 Re8 8. Bh6
b5 9. Bxg7 Kxg7 10. Ne2 e5 11. dxe5 dxe5 12. Ng3 Bb7 13. h4 Nbd7 14. Qg5 h6 15.
Nf5+ Kg8 16. Nxh6+ Kf8 17. g4 Nh7 18. Qe3 Qf6 19. g5 Qe6 20. h5 Ke7 21. hxg6
Qxg6 22. Nf5+ Ke6 23. Rh6 Nhf8 24. Rxg6+ Nxg6 25. Ng7+ Ke7 26. Nxe8 Rxe8 27.
O-O-O a6 28. Ne1 c5 29. Ng2 c4 30. Be2 Rh8 31. Bg4 Ngf8 32. Bxd7 Nxd7 33. f4
Ke6 34. f5+ Ke7 35. g6 Rg8 36. Qg5+ 1-0

[Event "Open Nord BDR Aix-en-Provence"]
[Site "?"]
[Date "2006.10.21"]
[Round "1"]
[White "Naumann, Matthias"]
[Black "Brunie, Luce"]
[Result "1-0"]
[WhiteElo "1699"]
[BlackElo "1310"]
[PlyCount "65"]
[SourceDate "2006.10.17"]

1. d4 e6 2. c4 d5 3. Nc3 Bd6 4. c5 Be7 5. Bf4 Bd7 6. e3 b6 7. b4 bxc5 8. bxc5
Nc6 9. Nf3 Nf6 10. h3 O-O 11. Bd3 Rb8 12. Rb1 Nb4 13. O-O Nxd3 14. Qxd3 Qc8 15.
Rxb8 Qxb8 16. Rb1 Qc8 17. Rb2 Nh5 18. Bh2 f5 19. Qb1 f4 20. Bxf4 Nxf4 21. exf4
Qd8 22. Ne5 Bf6 23. Rb7 Bxe5 24. fxe5 Qh4 25. Qe1 Qxd4 26. Rxc7 Bc8 27. Nb5 Qb2
28. Nxa7 Ba6 29. Nc6 Qxa2 30. f3 Qc4 31. Qg3 Qxc5+ 32. Kh2 g6 33. Ne7+ 1-0

[Event "Open Nord BDR Aix-en-Provence"]
[Site "?"]
[Date "2006.10.21"]
[Round "1"]
[White "Montanelli, Tristan"]
[Black "Lucas, Jacques"]
[Result "1-0"]
[WhiteElo "1710"]
[BlackElo "1510"]
[PlyCount "125"]
[SourceDate "2006.10.17"]

1. g4 d6 2. Bg2 e5 3. d3 h6 4. c4 Nc6 5. h3 f5 6. e3 Nf6 7. Bf3 Bd7 8. Nc3 Qe7
9. Bd2 e4 10. dxe4 fxe4 11. Be2 Ne5 12. Qc2 Nd3+ 13. Bxd3 exd3 14. Qxd3 O-O-O
15. f3 Bc6 16. e4 g5 17. O-O-O Bg7 18. Nge2 Rhe8 19. Rhe1 Nd7 20. Nd5 Bxd5 21.
cxd5 Ne5 22. Qb3 Rf8 23. Nd4 Rf7 24. Re3 c6 25. Nf5 Qc7 26. Nxg7 Rxg7 27. dxc6
Nxc6 28. Kb1 Kb8 29. Rc1 Qb6 30. Qxb6 axb6 31. Bc3 Rf7 32. Rd1 Kc8 33. a3 Rdd7
34. b4 Rfe7 35. Red3 Kc7 36. b5 Ne5 37. Bxe5 Rxe5 38. Rd5 Ree7 39. Rf5 Rf7 40.
Rdd5 Rde7 41. Kc2 Kd7 42. Kd3 Ke6 43. Rd4 Rd7 44. Ke3 Rc7 45. Rxf7 Kxf7 46.
Rxd6 Rc3+ 47. Rd3 Rc5 48. a4 Ke6 49. f4 gxf4+ 50. Kxf4 Rc4 51. Rd8 Rxa4 52. Rh8
Kd6 53. Rxh6+ Kc5 54. Rh5+ Kb4 55. g5 Kxb5 56. g6+ Kc6 57. g7 Ra8 58. Rh8 Rg8
59. Rxg8 b5 60. Rc8+ Kb6 61. g8=Q b4 62. Qe6+ Kb5 63. Qc4+ 1-0

[Event "Open Nord BDR Aix-en-Provence"]
[Site "?"]
[Date "2006.12.02"]
[Round "2"]
[White "Garcia, Robustiano"]
[Black "Larribere, Hadrien"]
[Result "1-0"]
[WhiteElo "1710"]
[BlackElo "1830"]
[PlyCount "43"]
[SourceDate "2006.10.17"]

1. d4 Nf6 2. c4 g6 3. Nc3 d5 4. cxd5 Nxd5 5. e4 Nxc3 6. bxc3 Bg7 7. Bc4 O-O 8.
Be3 c5 9. Ne2 cxd4 10. cxd4 b6 11. Bd5 Nc6 12. Bxc6 Rb8 13. O-O e6 14. Bb5 a6
15. Ba4 b5 16. Bb3 a5 17. a4 b4 18. Rc1 Kh8 19. Qd2 Re8 20. Rfd1 f5 21. f3 Bf6
22. d5 1-0

[Event "Open Nord BDR Aix-en-Provence"]
[Site "?"]
[Date "2006.12.02"]
[Round "2"]
[White "Baquer, Marc"]
[Black "Montanelli, Tristan"]
[Result "1-0"]
[WhiteElo "1800"]
[BlackElo "1710"]
[PlyCount "117"]
[SourceDate "2006.10.17"]

1. d4 e5 2. dxe5 Nc6 3. Bf4 Qe7 4. Nc3 Nxe5 5. Nd5 Qd6 6. e4 c6 7. Nf3 cxd5 8.
Bxe5 Qb4+ 9. Nd2 dxe4 10. Bc3 Qa4 11. Bc4 Ne7 12. Bb3 Qc6 13. Nc4 d5 14. Ne3
Be6 15. Qd4 Qd7 16. O-O-O Nc6 17. Ba4 O-O-O 18. Bxc6 bxc6 19. Qa4 c5 20. Qa6+
Qb7 21. Qxb7+ Kxb7 22. Nc4 Be7 23. Na5+ Kb6 24. Nb3 Rd7 25. h3 Bg5+ 26. Kb1 d4
27. Ba5+ Kc6 28. Bd2 Bd8 29. Na5+ Kb5 30. Nb3 c4 31. Nc1 Bf6 32. a3 Rb8 33. Bf4
Rbb7 34. Rhe1 Bd5 35. Na2 a5 36. g4 g5 37. Bg3 h6 38. Nc1 Ka4 39. Ka1 d3 40. c3
Rb5 41. Na2 Rdb7 42. Rd2 Be7 43. Be5 R5b6 44. Bd4 Re6 45. Re3 Bf6 46. Re1 Bxd4
47. cxd4 Rf6 48. Nc3+ Kb3 49. Nxd5 Rf3 50. Re3 Rd7 51. Rxf3 exf3 52. Nc3 Re7
53. Kb1 Re1+ 54. Nd1 Re4 55. d5 Rd4 56. Ne3 c3 57. bxc3 Kxc3 58. Kc1 a4 59.
Nd1+ 1-0

[Event "Open Nord BDR Aix-en-Provence"]
[Site "?"]
[Date "2006.12.02"]
[Round "2"]
[White "Naumann, Matthias"]
[Black "Derien, Robert"]
[Result "1/2-1/2"]
[WhiteElo "1699"]
[BlackElo "1800"]
[PlyCount "59"]
[SourceDate "2006.10.17"]

1. d4 d5 2. c4 c6 3. e3 Nf6 4. Nc3 Nbd7 5. Nf3 Ne4 6. cxd5 cxd5 7. Bd3 Ndf6 8.
h3 h6 9. O-O e6 10. Qc2 Bd7 11. Nxe4 dxe4 12. Bxe4 Nxe4 13. Qxe4 Bc6 14. Qg4 h5
15. Qg5 Bxf3 16. Qxd8+ Rxd8 17. gxf3 Rc8 18. Bd2 Be7 19. Rac1 Kd7 20. Rxc8 Rxc8
21. Rc1 Rxc1+ 22. Bxc1 Kc6 23. e4 a5 24. Bd2 a4 25. Kf1 Kb5 26. b3 axb3 27.
axb3 Bb4 28. Bxb4 Kxb4 29. Ke2 g6 30. Ke3 1/2-1/2

[Event "Open Nord BDR Aix-en-Provence"]
[Site "?"]
[Date "2006.12.02"]
[Round "2"]
[White "Marcou, Thomas"]
[Black "Desormes, Olivier"]
[Result "1/2-1/2"]
[WhiteElo "1270"]
[BlackElo "1770"]
[PlyCount "113"]
[SourceDate "2006.10.17"]

1. e4 e6 2. d4 d5 3. exd5 exd5 4. Nf3 Nf6 5. Be2 Be7 6. O-O O-O 7. Nc3 c6 8.
Bf4 Bg4 9. Re1 Nbd7 10. Ne5 Bxe2 11. Qxe2 Re8 12. Rad1 Bb4 13. Rd3 Ne4 14. f3
Nxe5 15. Bxe5 Nxc3 16. bxc3 Bd6 17. Re3 Bxe5 18. Rxe5 Kf8 19. Qd3 Qh4 20. g3
Qh6 21. Qe2 Rxe5 22. Qxe5 Qf6 23. Qe3 Qd6 24. Kf2 Qd7 25. g4 Re8 26. Qxe8+ Qxe8
27. Rxe8+ Kxe8 28. Ke3 g5 29. f4 f6 30. f5 Kd7 31. Kd3 Kc7 32. c4 Kb6 33. c5+
Kb5 34. Kc3 Ka4 35. Kb2 Kb4 36. c3+ Kc4 37. Kc2 b6 38. cxb6 axb6 39. a3 b5 40.
h3 h6 41. Kb2 c5 42. dxc5 Kxc5 43. Kb3 Kc6 44. Kb4 Kb6 45. Kb3 Kc5 46. Kb2 Kc4
47. Kc2 d4 48. cxd4 Kxd4 49. Kb3 Kc5 50. Kc3 Kc6 51. Kb4 Kb6 52. Kb3 Kc5 53.
Kc3 Kb6 54. Kb3 Kc6 55. Kb4 Kb6 56. Kc3 Kc5 57. Kb3 1/2-1/2

[Event "Open Nord BDR Aix-en-Provence"]
[Site "?"]
[Date "2006.12.02"]
[Round "2"]
[White "Hernandez, Jean-Pierre"]
[Black "Roux, Jean-Marie"]
[Result "1-0"]
[WhiteElo "1790"]
[BlackElo "1430"]
[PlyCount "143"]
[SourceDate "2006.10.17"]

1. d4 d5 2. Nf3 Nf6 3. Bf4 Nc6 4. Nbd2 Bg4 5. c3 e6 6. h3 Bh5 7. e3 Bd6 8. Bxd6
Qxd6 9. Be2 O-O 10. O-O Rfe8 11. a3 Rad8 12. c4 Bxf3 13. Nxf3 e5 14. c5 Qe6 15.
Bb5 e4 16. Nh2 Re7 17. b4 Nb8 18. a4 c6 19. Be2 Nbd7 20. b5 Rb8 21. Qc2 Qf5 22.
Rab1 Ree8 23. bxc6 bxc6 24. Rxb8 Rxb8 25. Rb1 h6 26. Rxb8+ Nxb8 27. Qb3 Qc8 28.
a5 h5 29. Nf1 g5 30. Nh2 Kg7 31. Qb1 Nbd7 32. a6 Nf8 33. Qb7 Qd7 34. Bd1 Ne6
35. Qxd7 Nxd7 36. Bxh5 f5 37. Be8 Nb8 38. g3 Nc7 39. Bh5 Nbxa6 40. Bd1 Nb4 41.
Ba4 Kf6 42. f3 Ne6 43. fxe4 fxe4 44. Ng4+ Kg7 45. Ne5 Nd8 46. Kf2 Kh6 47. g4
Nd3+ 48. Nxd3 exd3 49. Ke1 Kg6 50. Kd2 a5 51. Kxd3 Kf6 52. Kc3 Ke6 53. Kd3 Ke7
54. e4 Ke6 55. Ke3 Kf6 56. Bb3 Ke6 57. Kf3 Nb7 58. Kg3 a4 59. exd5+ cxd5 60.
Bxa4 Na5 61. h4 gxh4+ 62. Kxh4 Nc4 63. g5 Ne3 64. Kh5 Nf5 65. g6 Kf6 66. c6 Ne7
67. c7 Kg7 68. Kg5 Kf8 69. Bd7 Kg7 70. c8=Q Nxc8 71. Bxc8 Kg8 72. Be6+ 1-0

[Event "Open Nord BDR Aix-en-Provence"]
[Site "?"]
[Date "2006.12.02"]
[Round "2"]
[White "Mengus, Michel"]
[Black "Blondelon, Claude"]
[Result "1-0"]
[WhiteElo "1700"]
[BlackElo "1550"]
[PlyCount "95"]
[SourceDate "2006.10.17"]

1. e4 e6 2. d4 d5 3. Be3 Nf6 4. Nd2 Be7 5. Bd3 dxe4 6. Nxe4 Nxe4 7. Bxe4 Nd7 8.
Nf3 O-O 9. O-O c5 10. c3 Nf6 11. Bd3 Qc7 12. Ne5 b6 13. Be2 Bb7 14. Bf3 Bxf3
15. Qxf3 Rac8 16. Rad1 Nd7 17. Nxd7 Qxd7 18. dxc5 Qc6 19. Qxc6 Rxc6 20. cxb6
axb6 21. Rd7 Bf6 22. Rfd1 Rb8 23. Bd4 e5 24. Bxe5 Re8 25. Bxf6 Rxf6 26. Rd8
Rfe6 27. Rxe8+ Rxe8 28. Kf1 Kf8 29. Rd2 g6 30. Re2 Rd8 31. Ke1 Kg7 32. Rd2 Rb8
33. Rd6 b5 34. Rd4 Kf6 35. Kd2 Rb7 36. f3 h5 37. Kc2 Ke5 38. Rb4 Kd5 39. a4 Re7
40. Rxb5+ Kc6 41. Kd3 Rd7+ 42. Ke3 Ra7 43. Rb4 Kc5 44. h4 Ra6 45. b3 Re6+ 46.
Re4 Ra6 47. b4+ Kc6 48. b5+ 1-0

[Event "Open Nord BDR Aix-en-Provence"]
[Site "?"]
[Date "2006.12.02"]
[Round "2"]
[White "Navarro, Bertrand"]
[Black "De Albera, Pierre"]
[Result "1-0"]
[WhiteElo "1670"]
[BlackElo "1520"]
[PlyCount "99"]
[SourceDate "2006.10.17"]

1. e4 c6 2. d4 d5 3. exd5 cxd5 4. Bd3 Nf6 5. Bf4 Bg4 6. f3 Bh5 7. g4 Bg6 8. h4
Bxd3 9. Qxd3 e6 10. Ne2 Qb6 11. Qb3 Qxb3 12. axb3 Nc6 13. c3 Kd7 14. Nd2 a6 15.
Ng3 Bd6 16. Bxd6 Kxd6 17. g5 Nd7 18. f4 f6 19. O-O-O e5 20. dxe5+ fxe5 21.
Nde4+ Kc7 22. Rxd5 exf4 23. Nh5 Rae8 24. Nd6 Re5 25. Rdd1 Rf8 26. Rhf1 f3 27.
Nxg7 Ne7 28. Nc4 Rd5 29. Rxd5 Nxd5 30. Ne6+ Kc6 31. Nxf8 Nxf8 32. Rxf3 Ng6 33.
h5 Ngf4 34. g6 hxg6 35. Ne5+ Kd6 36. Nc4+ Ke6 37. h6 Kf7 38. Nd6+ Kg8 39. Nxb7
Kh7 40. Kd2 Kxh6 41. c4 g5 42. cxd5 Nxd5 43. Rh3+ Kg6 44. Nd6 Nf6 45. Re3 Kh5
46. Re6 Nd5 47. Ne4 Nf4 48. Re5 Nh3 49. Kc3 Kg4 50. Nxg5 1-0

[Event "Open Nord BDR Aix-en-Provence"]
[Site "?"]
[Date "2006.12.02"]
[Round "2"]
[White "Lucas, Jacques"]
[Black "Alpe, Jean-Charles"]
[Result "1/2-1/2"]
[WhiteElo "1510"]
[BlackElo "1640"]
[PlyCount "124"]
[SourceDate "2006.10.17"]

1. d4 d5 2. Nf3 Nf6 3. c4 e6 4. Nc3 b6 5. Bg5 Be7 6. Rc1 O-O 7. e3 h6 8. Bh4
Bb7 9. Bd3 c5 10. Bxf6 Bxf6 11. cxd5 exd5 12. O-O c4 13. Bb1 Re8 14. Qc2 g6 15.
b3 cxb3 16. axb3 Na6 17. Na2 Rc8 18. Qd2 Qe7 19. Rxc8 Rxc8 20. Rc1 Rc7 21. Rxc7
Qxc7 22. g3 Nb8 23. Ne1 Nd7 24. Nd3 Bg7 25. Nc3 a6 26. Nf4 Nf6 27. f3 Qe7 28.
Qd3 b5 29. Ba2 b4 30. Na4 Nd7 31. Kf2 Qd6 32. Qc2 a5 33. Nd3 Qe6 34. g4 h5 35.
h3 hxg4 36. hxg4 Qd6 37. Kg2 Bh6 38. Nac5 Qc7 39. Qe2 Bg5 40. Nxd7 Qxd7 41. Nc5
Qe7 42. Nxb7 Qxb7 43. f4 Bf6 44. g5 Bg7 45. Bb1 Qe7 46. Qd3 Qe6 47. Kg3 Qc6 48.
Qc2 Qxc2 49. Bxc2 Kf8 50. f5 gxf5 51. Bxf5 Ke7 52. g6 fxg6 53. Bxg6 Kd6 54. Kf3
Bh6 55. Ke2 Ke7 56. Kd3 Bg7 57. e4 dxe4+ 58. Bxe4 Kd6 59. Kc4 Bf6 60. d5 Bd8
61. Kb5 Bc7 62. Bg2 Bd8 1/2-1/2

[Event "Open Nord BDR Aix-en-Provence"]
[Site "?"]
[Date "2006.12.02"]
[Round "2"]
[White "Gomez, Jean-Luc"]
[Black "Maggio, Stephane"]
[Result "1-0"]
[WhiteElo "1630"]
[BlackElo "1499"]
[PlyCount "99"]
[SourceDate "2006.10.17"]

1. d4 d5 2. Nf3 Nf6 3. e3 e6 4. Bd3 Be7 5. Nbd2 O-O 6. O-O c5 7. c4 dxc4 8.
Nxc4 cxd4 9. Nxd4 Nc6 10. Nxc6 bxc6 11. Qe2 Qc7 12. Bd2 Bb7 13. Rac1 Qd7 14.
Rfd1 Nd5 15. Bc3 Qe8 16. Qh5 g6 17. Qe2 Nxc3 18. Rxc3 Bf6 19. Rcc1 Qe7 20. Na5
Rab8 21. Be4 Ba8 22. Rd2 Rfc8 23. Rcd1 Qc7 24. Nc4 Rd8 25. b3 Rxd2 26. Rxd2 Rd8
27. Rxd8+ Qxd8 28. g3 c5 29. Bxa8 Qxa8 30. e4 Qd8 31. e5 Be7 32. h4 h5 33. Kf1
Qd4 34. Qd2 Qxd2 35. Nxd2 f6 36. exf6 Bxf6 37. Ke2 Kf7 38. Kd3 Bd4 39. f3 e5
40. Ne4 Ke6 41. Kc4 Be3 42. Nxc5+ Kf5 43. Ne4 Bg1 44. Kd5 Be3 45. Kc6 Ke6 46.
a4 Kf5 47. Kd5 Bg1 48. Kd6 Be3 49. Ke7 Bg1 50. Nd6# 1-0

[Event "Open Nord BDR Aix-en-Provence"]
[Site "?"]
[Date "2006.12.02"]
[Round "2"]
[White "Brunie, Luce"]
[Black "Mallet, Bruno"]
[Result "0-1"]
[WhiteElo "1310"]
[BlackElo "1630"]
[PlyCount "100"]
[SourceDate "2006.10.17"]

1. Nf3 d5 2. c4 e6 3. cxd5 exd5 4. d4 Nf6 5. Nc3 Nbd7 6. Bg5 Be7 7. e3 h6 8.
Bf4 c6 9. Bd3 O-O 10. O-O a5 11. Ne2 b6 12. Rc1 Bb7 13. Ng3 Ne8 14. Nf5 Ndf6
15. Ne5 Rc8 16. Ng4 Kh8 17. Nxe7 Qxe7 18. Ne5 Nd7 19. Qh5 Nxe5 20. Bxe5 Qg5 21.
Qxg5 hxg5 22. Bf5 Rd8 23. Bg3 Nd6 24. Bh3 f5 25. Be5 g4 26. Bxg4 fxg4 27. g3
Nc4 28. b4 Nxe5 29. dxe5 axb4 30. Rfd1 Rde8 31. Rd4 Rxe5 32. Rxb4 b5 33. Rxg4
Re4 34. Rg6 Rf6 35. Rg5 Ra4 36. Rc2 b4 37. Rb2 Ba6 38. Rg4 Bc4 39. a3 bxa3 40.
Rh4+ Rh6 41. Rb8+ Kh7 42. Rxh6+ Kxh6 43. Rc8 Bb5 44. Rh8+ Kg6 45. h4 a2 46. h5+
Kf7 47. h6 a1=Q+ 48. Kh2 gxh6 49. Rxh6 Qf1 50. Rh7+ Kg8 0-1

[Event "Open Nord BDR Aix-en-Provence"]
[Site "?"]
[Date "2006.12.16"]
[Round "3"]
[White "Garcia, Robustiano"]
[Black "Baquer, Marc"]
[Result "0-1"]
[WhiteElo "1710"]
[BlackElo "1800"]
[PlyCount "78"]
[SourceDate "2006.10.17"]

1. d4 Nf6 2. c4 g6 3. Nc3 Bg7 4. e4 d6 5. Bg5 O-O 6. f4 h6 7. Bh4 c6 8. Qd2 Qb6
9. e5 dxe5 10. fxe5 Nh7 11. Bxe7 Re8 12. Bd6 Qd8 13. O-O-O f6 14. Bd3 fxe5 15.
Bxe5 Bxe5 16. dxe5 Kg7 17. Nf3 Bg4 18. Qf4 Bxf3 19. gxf3 Qe7 20. Rhg1 Nf8 21.
Rde1 Nbd7 22. e6 Nc5 23. Qd4+ Kh7 24. Ne4 Nxd3+ 25. Qxd3 Nxe6 26. Nd6 Rg8 27.
Nxb7 Rab8 28. Na5 Qf6 29. Qc3 Qf4+ 30. Qe3 Qf6 31. Nb3 Nf4 32. Qxa7+ Rg7 33.
Qe3 Rd8 34. Rd1 Re7 35. Qf2 Re2 36. Qa7+ Re7 37. Qf2 Nd3+ 38. Rxd3 Rxd3 39. Nc5
Rxf3 0-1

[Event "Open Nord BDR Aix-en-Provence"]
[Site "?"]
[Date "2006.12.16"]
[Round "3"]
[White "Derien, Robert"]
[Black "Marcou, Thomas"]
[Result "1/2-1/2"]
[WhiteElo "1800"]
[BlackElo "1270"]
[PlyCount "48"]
[SourceDate "2006.10.17"]

1. e4 e5 2. Nf3 Nc6 3. Bc4 Nf6 4. Ng5 d5 5. exd5 Nxd5 6. Nxf7 Kxf7 7. Qf3+ Ke8
8. Bxd5 Qd7 9. c3 Be7 10. O-O Rf8 11. Qd3 b6 12. Qb5 Bb7 13. Bxc6 Bxc6 14. Qxe5
Qg4 15. Qg3 Qe4 16. d3 Qd5 17. c4 Qf7 18. Qxc7 Bxg2 19. Kxg2 Qf3+ 20. Kg1 Rf6
21. Bg5 Bd6 22. Qxg7 Qg4+ 23. Kh1 Qf3+ 24. Kg1 Qg4+ 1/2-1/2

[Event "Open Nord BDR Aix-en-Provence"]
[Site "?"]
[Date "2006.12.16"]
[Round "3"]
[White "Desormes, Olivier"]
[Black "Hernandez, Jean-Pierre"]
[Result "1-0"]
[WhiteElo "1770"]
[BlackElo "1790"]
[PlyCount "151"]
[SourceDate "2006.10.17"]

1. d4 c6 2. Nf3 d5 3. e3 g6 4. Bd3 Bg7 5. Nbd2 Nf6 6. c3 b6 7. e4 dxe4 8. Nxe4
Nxe4 9. Bxe4 O-O 10. O-O Bb7 11. Re1 e6 12. Bg5 Qe8 13. Qd2 Nd7 14. Bh6 Nf6 15.
Bd3 Rd8 16. Bxg7 Kxg7 17. Rad1 h6 18. Qc1 Qe7 19. h3 Qc7 20. Be2 a6 21. Ne5 c5
22. Bf3 Bxf3 23. Nxf3 cxd4 24. Nxd4 Rfe8 25. Nf3 Rd5 26. Rxd5 Nxd5 27. c4 Rc8
28. b3 b5 29. Qb2+ Nf6 30. cxb5 axb5 31. Qe5 Qxe5 32. Nxe5 Rc2 33. Ra1 Ne4 34.
a4 bxa4 35. bxa4 Nc5 36. Nf3 Na6 37. Nd4 Rc4 38. Nb5 Rb4 39. Nc3 Kf6 40. f3 Ke5
41. Kf1 Kd4 42. Nb5+ Kc5 43. Rc1+ Rc4 44. Rxc4+ Kxc4 45. Nd6+ Kb4 46. Nxf7 h5
47. Nh8 g5 48. Nf7 g4 49. fxg4 hxg4 50. h4 Nc7 51. h5 Ne8 52. h6 Nf6 53. Ng5
Kxa4 54. h7 Nxh7 55. Nxh7 Kb4 56. Ng5 e5 57. Ke2 Kc4 58. Ke3 Kd5 59. Ne4 Ke6
60. Ng3 Kd5 61. Kd3 Kd6 62. Ke4 Ke6 63. Nf1 Kf6 64. g3 Kg6 65. Kxe5 Kg5 66. Ne3
Kh5 67. Kf5 Kh6 68. Nxg4+ Kh5 69. Ne5 Kh6 70. Kf6 Kh7 71. g4 Kg8 72. g5 Kf8 73.
g6 Kg8 74. g7 Kh7 75. Kf7 Kh6 76. g8=Q 1-0

[Event "Open Nord BDR Aix-en-Provence"]
[Site "?"]
[Date "2006.12.16"]
[Round "3"]
[White "Larribere, Hadrien"]
[Black "Naumann, Matthias"]
[Result "1-0"]
[WhiteElo "1830"]
[BlackElo "1699"]
[PlyCount "47"]
[SourceDate "2006.10.17"]

1. e4 e6 2. d4 d5 3. Nd2 dxe4 4. Nxe4 Bd7 5. Nf3 Bc6 6. Bd3 Nd7 7. O-O Ngf6 8.
Qe2 Be7 9. c4 Nxe4 10. Bxe4 Bxe4 11. Qxe4 c6 12. Bf4 O-O 13. a3 Nf6 14. Qe2 h6
15. Rad1 Bd6 16. Ne5 Qb8 17. Rd3 a5 18. Rfd1 Bc7 19. Rh3 Qc8 20. Rdd3 Bb8 21.
Rdg3 Kh8 22. Bxh6 gxh6 23. Rxh6+ Nh7 24. Qh5 1-0

[Event "Open Nord BDR Aix-en-Provence"]
[Site "?"]
[Date "2006.12.16"]
[Round "3"]
[White "Montanelli, Tristan"]
[Black "Gomez, Jean-Luc"]
[Result "1-0"]
[WhiteElo "1710"]
[BlackElo "1630"]
[PlyCount "95"]
[SourceDate "2006.10.17"]

1. g4 d5 2. Bg2 e6 3. Nf3 Bd6 4. d4 Nd7 5. Nc3 Ngf6 6. g5 Nh5 7. h4 Nf4 8. Bf1
c5 9. Bd2 Qc7 10. Nb5 Qb6 11. Nxd6+ Qxd6 12. e3 Ng6 13. a3 b6 14. Bb5 Bb7 15.
h5 Ne7 16. Ne5 Bc6 17. Nxc6 Nxc6 18. c3 a6 19. Ba4 b5 20. Bb3 c4 21. Bc2 f5 22.
gxf6 Nxf6 23. f4 Ne7 24. Rg1 Rg8 25. Qf3 Qd7 26. a4 Qc6 27. b4 Qb7 28. Qh3 Qc6
29. axb5 axb5 30. Rxa8+ Qxa8 31. Qxe6 Qa1+ 32. Kf2 Qb2 33. Rc1 Ne4+ 34. Ke2
Nxc3+ 35. Ke1 Na2 36. Bxh7 Rf8 37. Bg6+ Kd8 38. Qd6+ Kc8 39. Qa6+ Kc7 40. Qa5+
Kd6 41. Rb1 Nc6 42. Qa6 Qxd2+ 43. Kxd2 c3+ 44. Kc2 Kc7 45. Qxa2 Nxd4+ 46. exd4
Rxf4 47. Qa7+ Kc6 48. Be8+ 1-0